Evaluación de la expectativa turística de los visitantes de cuatro parques nacionales de Costa Rica
Sábháilte in:
| Príomhchruthaitheoir: | |
|---|---|
| Rannpháirtithe: | , |
| Formáid: | Tráchtas |
| Foilsithe / Cruthaithe: |
Cartago:
Colegio Universitario de Cartago
|
| Ábhair: | |
| Clibeanna: |
Cuir clib leis
Níl clibeanna ann, Bí ar an gcéad duine le clib a chur leis an taifead seo!
|
MARC
| LEADER | 00000 a a2200000 04500 | ||
|---|---|---|---|
| 001 | 32150 | ||
| 003 | |||
| 040 | |a CRAI/IIS |c CRAI/IIS | ||
| 090 | |a 20104.00 | ||
| 100 | |a Bejarano Valeciano, Teresa | ||
| 245 | |a Evaluación de la expectativa turística de los visitantes de cuatro parques nacionales de Costa Rica |a Bejarano Valeciano, Teresa / |c Teresa Bejarano Valeciano | ||
| 260 | |a Cartago: |b Colegio Universitario de Cartago | ||
| 300 | |a 120 páginas |b il. | ||
| 502 | |a Tesis (Diplomado en empresas y actividades turisticas) -- Colegio Universitario de Cartago, 1981 | ||
| 650 | |a TURISMO | ||
| 650 | |a PARQUES NACIONALES | ||
| 700 | |a Chacón Bermudez, Maritza | ||
| 700 | |a Vasquez Vasquez, Xinia | ||
| 999 | |c 17933 |d 17933 | ||
